[Event "Mittelfranken-chTB2a 0809"]
[Site "Mittelfranken"]
[Date "2008.10.12"]
[Round "1.6"]
[White "Quaschner, Manuel"]
[Black "Salzwedel, Wolfgang"]
[Result "0-1"]
[WhiteElo "1717"]
[BlackElo "1876"]
[PlyCount "142"]
[EventDate "2008.10.12"]
[EventType "team"]
[EventRounds "9"]
[EventCountry "GER"]
[SourceTitle "EXT 2011"]
[Source "ChessBase"]
[SourceDate "2010.11.26"]
[SourceVersion "1"]
[SourceVersionDate "2010.11.26"]
[SourceQuality "1"]
[WhiteTeam "Grossenseebach II"]
[BlackTeam "Erlangen SC II"]
[WhiteTeamCountry "GER"]
[BlackTeamCountry "GER"]

1. e4 c5 2. Nf3 Nc6 3. d4 cxd4 4. Nxd4 d6 5. Nc3 a6 6. f4 Nf6 7. Be2 Qb6 8. Nb3 e6 9. a3 Be7 10. Qd3 Qc7 11. Be3 b5 12. 0-0 0-0 13. Nd4 Bb7 14. Bf3 Nxd4 15. Bxd4 e5 16. Be3 Bc8 17. f5 Bb7 18. Rad1 Rfd8 19. Kh1 Rac8 20. Qe2 Qc4 21. Qxc4 Rxc4 22. Be2 Rcc8 23. Bf3 h6 24. Bf2 g5 25. fxg6 fxg6 26. Rfe1 g5 27. Bb6 Rf8 28. Rc1 Rc4 29. Be2 Rc6 30. Bg1 Rcc8 31. Bf3 Kg7 32. Nd5 Nxd5 33. exd5 Rh8 34. Bg4 Rc4 35. Be6 Bc8 36. Bxc8 Rhxc8 37. c3 Rf8 38. g3 h5 39. Kg2 g4 40. Rf1 Rxf1 41. Rxf1 Kg6 42. Kf2 Re4 43. Kg2 Re2+ 44. Rf2 Rxf2+ 45. Kxf2 Kf5 46. Ke3 Bd8 47. Kd3 e4+ 48. Ke2 Ke5 49. Bd4+ Kxd5 50. b3 Bg5 51. Kd1 Kc6 52. Kc2 h4 53. Kd1 hxg3 54. hxg3 Be7 55. Ke2 Bg5 56. Kd1 Kd5 57. Kc2 a5 58. a4 bxa4 59. bxa4 Bd8 60. Kd2 Bg5+ 61. Kc2 Kc6 62. Kd1 d5 63. Ke2 Bd8 64. Kf1 Bc7 65. Kg2 Kd6 66. Kf2 Ke6 67. Kg2 Kf5 68. Bf2 Be5 69. Be1 e3 70. Kf1 Bc7 71. Ke2 Ke4 0-1

[Event "Mittelfrankenliga-B2a 0708"]
[Site "Mittelfranken"]
[Date "2008.04.13"]
[Round "8.3"]
[White "Walther, Reinhard"]
[Black "Salzwedel, Wolfgang"]
[Result "1/2-1/2"]
[WhiteElo "1887"]
[BlackElo "1876"]
[PlyCount "143"]
[EventDate "2007.10.14"]
[EventType "team-tourn"]
[EventRounds "9"]
[EventCountry "GER"]
[SourceTitle "EXT 2011"]
[Source "ChessBase"]
[SourceDate "2010.11.26"]
[SourceVersion "1"]
[SourceVersionDate "2010.11.26"]
[SourceQuality "1"]
[WhiteTeam "Herzogenaurach"]
[BlackTeam "Erlangen SC II"]
[WhiteTeamCountry "GER"]
[BlackTeamCountry "GER"]

1. d4 d5 2. c4 e6 3. Nf3 Nf6 4. Bg5 Be7 5. Nc3 c6 6. e3 h6 7. Bh4 Ne4 8. Bxe7 Qxe7 9. Qc2 Nxc3 10. Qxc3 Nd7 11. Bd3 0-0 12. 0-0 f5 13. Nd2 Qd6 14. f3 Nf6 15. e4 Qd8 16. Rad1 Bd7 17. Rfe1 Rc8 18. exf5 exf5 19. Re5 dxc4 20. Nxc4 Nd5 21. Qc2 Qf6 22. Qb3 b5 23. Ne3 Be6 24. Bxf5 Bxf5 25. Rxf5 Qd6 26. Nxd5 cxd5 27. Rxd5 Qe6 28. Rxb5 Qxb3 29. Rxb3 Rc2 30. Rbd3 Rxb2 31. R1d2 Rb6 32. Kf2 Rd6 33. Rc3 Re8 34. Rc7 a6 35. d5 Re5 36. Rc5 h5 37. f4 Rf6 38. g3 g5 39. Rd4 Rff5 40. Rc8+ Kf7 41. d6 Rd5 42. Ke3 Ke6 43. Rc6 gxf4+ 44. gxf4 Rxd4 45. Kxd4 Rxf4+ 46. Kc5 Rf5+ 47. Kb6 Kd7 48. Kb7 Rf2 49. Rxa6 Rxh2 50. a4 Rb2+ 51. Ka8 h4 52. a5 h3 53. Ra7+ Kxd6 54. a6 Ra2 55. Rh7 Rxa6+ 56. Kb7 Ra3 57. Kb6 Ke5 58. Kc5 Kf4 59. Kd4 Kg3 60. Rg7+ Kh2 61. Ke4 Rg3 62. Ra7 Rg2 63. Kf3 Rb2 64. Rg7 Rb6 65. Rg8 Rf6+ 66. Ke2 Ra6 67. Kf2 Ra2+ 68. Kf3 Rg2 69. Rh8 Rg3+ 70. Kf2 Rg7 71. Rh6 Rf7+ 72. Ke2 1/2-1/2

[Event "Mittelfrankenliga-B2a 0708"]
[Site "Mittelfranken"]
[Date "2007.10.14"]
[Round "1.3"]
[White "Salzwedel, Wolfgang"]
[Black "Fischer, Juergen"]
[Result "1/2-1/2"]
[WhiteElo "1876"]
[BlackElo "1924"]
[PlyCount "99"]
[EventDate "2007.10.14"]
[EventType "team-tourn"]
[EventRounds "9"]
[EventCountry "GER"]
[SourceTitle "EXT 2011"]
[Source "ChessBase"]
[SourceDate "2010.11.26"]
[SourceVersion "1"]
[SourceVersionDate "2010.11.26"]
[SourceQuality "1"]
[WhiteTeam "Erlangen SC II"]
[BlackTeam "Lauf"]
[WhiteTeamCountry "GER"]
[BlackTeamCountry "GER"]

1. e4 d6 2. d4 Nf6 3. Nc3 g6 4. h3 Bg7 5. Nf3 c6 6. Be3 Qc7 7. Qd2 b5 8. a3 Nbd7 9. Be2 e5 10. dxe5 dxe5 11. 0-0 0-0 12. Bh6 Nc5 13. Bxg7 Kxg7 14. Qe3 Ne6 15. Bd3 Nf4 16. Ne2 Qe7 17. Nxf4 exf4 18. Qxf4 Be6 19. Qg5 h6 20. Qe5 Kh7 21. Nd4 Nd7 22. Nxc6 Qh4 23. Qg3 Qxg3 24. fxg3 Bc4 25. Bxc4 bxc4 26. Rad1 Nc5 27. Rd4 Rae8 28. e5 Re6 29. Rd6 Kg7 30. Rxe6 Nxe6 31. Nxa7 Rb8 32. Rb1 Nd4 33. c3 Ne2+ 34. Kh2 Nxc3 35. Rc1 Nd5 36. Rxc4 Rxb2 37. Re4 Nc3 38. Re3 Nd5 39. Rd3 Nb6 40. Nc6 Re2 41. Kg1 Nc4 42. Kf1 Ra2 43. Nb4 Rxa3 44. Rxa3 Nxa3 45. Nd3 Nc4 46. Ke2 g5 47. Kf3 Nd2+ 48. Ke3 Nf1+ 49. Kf2 Nd2 50. g4 1/2-1/2

[Event "Mittelfrankenliga-B1 0607"]
[Site "Mittelfranken"]
[Date "2006.10.22"]
[Round "1.7"]
[White "Wissmeier, Bernd"]
[Black "Salzwedel, Wolfgang"]
[Result "1/2-1/2"]
[WhiteElo "1927"]
[BlackElo "1914"]
[PlyCount "133"]
[EventDate "2006.10.22"]
[EventType "team-tourn"]
[EventRounds "9"]
[EventCountry "GER"]
[SourceTitle "EXT 2011"]
[Source "ChessBase"]
[SourceDate "2010.11.26"]
[SourceVersion "1"]
[SourceVersionDate "2010.11.26"]
[SourceQuality "1"]
[WhiteTeam "Nuernberg SK 1911"]
[BlackTeam "Erlangen SC"]
[WhiteTeamCountry "GER"]
[BlackTeamCountry "GER"]

1. e4 c5 2. Nf3 Nc6 3. d4 cxd4 4. Nxd4 d6 5. Nc3 a6 6. Bc4 g6 7. f4 Bg7 8. Be3 Nf6 9. h3 Nxd4 10. Bxd4 0-0 11. 0-0 b5 12. Bd5 Nxd5 13. Nxd5 Bxd4+ 14. Qxd4 Bb7 15. Rad1 Rc8 16. Ne3 f6 17. c3 Qc7 18. Nd5 Bxd5 19. Qxd5+ Kg7 20. Qe6 Rfe8 21. e5 fxe5 22. fxe5 Qc5+ 23. Kh1 Qxe5 24. Qxe5+ dxe5 25. Rd5 Rf8 26. Rxf8 Rxf8 27. Rxe5 Rf1+ 28. Kh2 Kf6 29. Re2 e5 30. g3 Ke6 31. Kg2 Rf6 32. Re4 Kd5 33. Re3 e4 34. g4 g5 35. Rg3 Ke5 36. Re3 Rd6 37. Re2 Rd3 38. Rf2 e3 39. Rf8 Rd2+ 40. Kg3 Ke4 41. Re8+ Kd3 42. Rd8+ Ke2 43. Re8 Rxb2 44. h4 gxh4+ 45. Kf4 Rxa2 46. Rxe3+ Kd2 47. Rh3 Ra3 48. Rxh4 Rxc3 49. Rxh7 b4 50. g5 b3 51. Rh2+ Kc1 52. Rh1+ Kb2 53. g6 Rc2 54. g7 Rg2 55. Rh2 Rxh2 56. g8Q Rc2 57. Qd5 Rc3 58. Qd1 Rc1 59. Qe2+ Kb1 60. Qd3+ Kb2 61. Qxa6 Rc2 62. Qb5 Ka2 63. Qa4+ Kb2 64. Ke3 Rc3+ 65. Kd2 Rc2+ 66. Kd1 Rc1+ 67. Kd2 1/2-1/2

[Event "Mittelfrankenliga-B1 0506"]
[Site "Germany"]
[Date "2006.01.15"]
[Round "4.8"]
[White "Salzwedel, Wolfgang"]
[Black "Hofmann, Benjamin"]
[Result "1/2-1/2"]
[WhiteElo "1977"]
[BlackElo "1877"]
[PlyCount "140"]
[EventDate "2005.10.16"]
[EventType "team"]
[EventRounds "9"]
[EventCountry "GER"]
[SourceTitle "EXT 2007"]
[Source "ChessBase"]
[SourceDate "2006.11.23"]
[SourceVersion "1"]
[SourceVersionDate "2006.11.23"]
[SourceQuality "1"]

1. e4 c6 2. d4 d5 3. e5 Bf5 4. c3 e6 5. Bd3 Bxd3 6. Qxd3 Nd7 7. Ne2 c5 8. b3 Ne7 9. 0-0 Nc6 10. a3 Qb6 11. b4 cxd4 12. cxd4 Be7 13. Be3 0-0 14. Nd2 Rac8 15. f4 f5 16. Nb3 Ncb8 17. Nc5 Nxc5 18. dxc5 Qc7 19. Nd4 Qd7 20. Nb5 Nc6 21. Nd6 Bxd6 22. exd6 b6 23. cxb6 d4 24. Bd2 axb6 25. b5 Na5 26. Bb4 Rfd8 27. Rab1 Nc4 28. Qxd4 Qxb5 29. Rfc1 Qd5 30. Qxd5 exd5 31. Rd1 Nxd6 32. Rxd5 Nc4 33. Rxf5 Rd4 34. g3 Re8 35. Rb5 Re2 36. Rf5 Re8 37. Kf2 Rde4 38. Rb5 Re2+ 39. Kg1 R2e3 40. Rc1 Nxa3 41. Rxb6 Rb3 42. Bc5 Rxb6 43. Bxb6 Nb5 44. Kf2 Nd6 45. Kf3 Rb8 46. Bd4 Rb7 47. Be5 Ne8 48. Rc8 Kf7 49. Kg4 Nf6+ 50. Bxf6 Kxf6 51. Rc6+ Kf7 52. h4 Rb5 53. h5 h6 54. Kh4 Rb4 55. Kg4 Rb5 56. Rc4 Kf6 57. Kh4 Rb1 58. g4 Rg1 59. Rc6+ Kf7 60. g5 hxg5+ 61. fxg5 Kg8 62. Rc7 Kf8 63. g6 Rg2 64. Rf7+ Kg8 65. Ra7 Kf8 66. Ra8+ Ke7 67. Rg8 Rg1 68. Rxg7+ Kf8 69. Ra7 Kg8 70. Ra3 Kg7 1/2-1/2

[Event "Mittelfrankenliga-B1 0506"]
[Site "Germany"]
[Date "2005.11.20"]
[Round "2.8"]
[White "Salzwedel, Wolfgang"]
[Black "Ludwig, Michael"]
[Result "0-1"]
[WhiteElo "1977"]
[BlackElo "1822"]
[PlyCount "102"]
[EventDate "2005.10.16"]
[EventType "team"]
[EventRounds "9"]
[EventCountry "GER"]
[SourceTitle "EXT 2007"]
[Source "ChessBase"]
[SourceDate "2006.11.23"]
[SourceVersion "1"]
[SourceVersionDate "2006.11.23"]
[SourceQuality "1"]

1. e4 c6 2. d4 d5 3. e5 Bf5 4. Bd3 Bxd3 5. Qxd3 e6 6. Nf3 c5 7. c3 Nc6 8. 0-0 Rc8 9. a3 Qb6 10. b4 cxd4 11. cxd4 Nge7 12. Nc3 Ng6 13. Be3 Be7 14. Na4 Qd8 15. Rac1 0-0 16. Rc2 Qd7 17. Qb3 Rc7 18. Rfc1 Rfc8 19. Bd2 f6 20. exf6 Bxf6 21. Nc5 Qf7 22. Qe3 Nce7 23. Rc3 Nf8 24. Kh1 Nf5 25. Qd3 b6 26. Nb3 Nd6 27. Rxc7 Rxc7 28. Rxc7 Qxc7 29. Bf4 Qc4 30. Qd1 Nb5 31. a4 Nc3 32. Qc2 Ne2 33. Qxc4 dxc4 34. Nbd2 Nxf4 35. Nxc4 Nd5 36. b5 Nc3 37. Nb2 Ne2 38. Nd3 Bxd4 39. Nb4 Bxf2 40. Nc6 Nc3 41. Nfe5 Bc5 42. Nxa7 Nxa4 43. g3 Ng6 44. Nd7 Kf7 45. Nc6 Ke8 46. Ndb8 Nc3 47. Na7 Kd8 48. Na6 Bd6 49. Kg2 Kd7 50. Kf3 Ne7 51. Ke3 Nc8 0-1

[Event "Mittelfranken-chT 0405"]
[Site "Germany"]
[Date "2004.11.07"]
[Round "2.6"]
[White "Kittsteiner, Peter"]
[Black "Salzwedel, Wolfgang"]
[Result "1/2-1/2"]
[WhiteElo "1866"]
[BlackElo "1977"]
[PlyCount "97"]
[EventDate "2004.10.17"]
[EventType "team"]
[EventRounds "9"]
[EventCountry "GER"]
[SourceTitle "EXT 2007"]
[Source "ChessBase"]
[SourceDate "2006.11.23"]
[SourceVersion "1"]
[SourceVersionDate "2006.11.23"]
[SourceQuality "1"]

1. e4 c5 2. c3 d5 3. exd5 Qxd5 4. d4 e6 5. Nf3 Nc6 6. Be3 cxd4 7. cxd4 Bb4+ 8. Nc3 Nf6 9. Bd3 Ne4 10. Bxe4 Qxe4 11. 0-0 Bxc3 12. bxc3 0-0 13. Nd2 Qd3 14. Rc1 b6 15. Re1 Bb7 16. f4 Na5 17. Qc2 Qb5 18. c4 Qd7 19. Red1 Rac8 20. c5 Qd5 21. Nf3 f6 22. Qe2 Qe4 23. Rd2 Bd5 24. Rdc2 b5 25. Nd2 Qg6 26. Rb2 a6 27. a4 Nc4 28. Nxc4 Bxc4 29. Qf2 Qd3 30. Qd2 bxa4 31. Qxd3 Bxd3 32. Rb6 Rfe8 33. Bd2 Bb5 34. Bb4 Red8 35. Rd1 Bc4 36. Kf2 Kf7 37. Rb7+ Kg6 38. Rb6 Kf5 39. Ke3 e5 40. fxe5 fxe5 41. d5 Rxd5 42. Rxd5 Bxd5 43. Rxa6 Rb8 44. Bc3 Rb5 45. Rxa4 Rxc5 46. g4+ Ke6 47. Ra6+ Bc6 48. Bd2 Rc4 49. h3 1/2-1/2